Test de fútbol 2 - Estadísticas

Estadísticas generales
  • Esta prueba ha sido intentada 201 veces
  • La puntuación promedio es 8 de 15
Estadísticas de respuestas
Preguntas Respuestas % Correcto
¿Quién es el campeón de la Eurocopa 2024? España
99%
¿Cuántos mundiales ganó Inglaterra? 1
97%
¿Cuál es el único equipo español que ganó el sextete? Barcelona
96%
¿Y alemán? Bayern Munich
88%
¿Cuál fue la primera selección africana en llegar a semifinales de una Copa del Mundo? Marruecos
87%
¿Qué selección venció a Brasil en el llamado "Maracanazo"? Uruguay
85%
¿Y en el "Mineirazo"? Alemania
55%
¿Quién fue el arquero titular campeón de Champions 2020/21? Edouard Mendy
54%
¿Cómo se llama el primer equipo fundado en España? Recreativo de Huelva
44%
¿Quién es el máximo goleador de la Premier League? Alan Shearer
42%
¿Cuál fue el fichaje más caro del Manchester United? Paul Pogba
42%
¿Cómo se llama el director técnico campeón del mundo 2006? Marcello Lippi
20%
¿Qué club histórico vuelve a la Serie A en 2024? Genoa
17%
¿A los aficionados de qué club se los apoda "Los Focenses"? Olympique de Marsella
8%
¿Cómo se llama el jugador italiano que murió mientras disputaba un partido de la Serie B en 2012? Piermario Morosini
6%
No se encontraron pruebas coincidentes
Distribución de puntuación
Porcentaje de gente con cada puntuación
Porcentaje por número respondido
Historial de tus puntuaciones
No has intentado esta prueba.